Thermodynamics (Record no. 8344)

000 -LEADER
fixed length control field 00603nam a2200217 i 4500
001 - CONTROL NUMBER
control field 8344
003 - CONTROL NUMBER IDENTIFIER
control field BD-DhUET
008 - FIXED-LENGTH DATA ELEMENTS--GENERAL INFORMATION
fixed length control field 770308s1978 nyua b 001 0 eng
020 ## - INTERNATIONAL STANDARD BOOK NUMBER
International Standard Book Number 0023355301
040 ## - CATALOGING SOURCE
Original cataloging agency DLC
Transcribing agency DLC
Modifying agency BD-DhUET
082 ## - DEWEY DECIMAL CLASSIFICATION NUMBER
Classification number 621.01
Item number FAI/1970
100 ## - MAIN ENTRY--PERSONAL NAME
Personal name Faires, Virgil Moring
245 10 - TITLE STATEMENT
Title Thermodynamics
Statement of responsibility, etc. by Virgil Moring Faires and Clifford Max Simmang
250 ## - EDITION STATEMENT
Edition statement 6th ed.
260 ## - PUBLICATION, DISTRIBUTION, ETC. (IMPRINT)
Place of publication, distribution, etc. New York
Name of publisher, distributor, etc. Macmillan
Date of publication, distribution, etc. 1970
300 ## - PHYSICAL DESCRIPTION
Extent xxiii, 647 p.
Other physical details ill.
Dimensions 26 cm.
504 ## - BIBLIOGRAPHY, ETC. NOTE
Bibliography, etc Includes bibliographies
650 #0 - SUBJECT ADDED ENTRY--TOPICAL TERM
Topical term or geographic name as entry element Thermodynamics
700 ## - ADDED ENTRY--PERSONAL NAME
Personal name Simmang, Clifford Max
942 ## - ADDED ENTRY ELEMENTS (KOHA)
Koha item type General Book
Holdings
Sublocation or collection (holding branch) Piece designation (barcode) Not for loan Lost status Koha full call number Withdrawn status Koha item type Location (home branch) Shelving location Price effective from Koha normalized classification for sorting Damaged status Copy number Koha date last seen Source of classification or shelving scheme Date acquired
Central Library, BUET42943  621.01/FAI/1978 General BookCentral Library, BUETCirculation section2015-01-20621_010000000000000_FAI_1978 12015-01-20 2015-01-20
Central Library, BUET63135  621.01 FAI/1970 Rental ItemCentral Library, BUETRental section2024-12-11621_010000000000000_FAI_1970 ৬/ক-১2024-12-11 1985-06-11
Central Library, BUET63136  621.01 FAI/1970 Rental ItemCentral Library, BUETRental section2024-12-11621_010000000000000_FAI_1970 ৬/ক-২2024-12-11 1985-06-11
Central Library, BUET63137  621.01 FAI/1970 Rental ItemCentral Library, BUETRental section2024-12-11621_010000000000000_FAI_1970 ৬/ক-৩2024-12-11 1985-06-11
Central Library, BUET63138  621.01 FAI/1970 Rental ItemCentral Library, BUETRental section2024-12-11621_010000000000000_FAI_1970 ৬/ক-৪2024-12-11 1985-06-11
Central Library, BUET63139  621.01 FAI/1970 Rental ItemCentral Library, BUETRental section2024-12-11621_010000000000000_FAI_1970 ৬/ক-৫2024-12-11 1985-06-11
Central Library, BUET63140  621.01 FAI/1970 Rental ItemCentral Library, BUETRental section2024-12-11621_010000000000000_FAI_1970 ৬/ক-৬2024-12-11 1985-06-11
Central Library, BUET63141  621.01 FAI/1970 Rental ItemCentral Library, BUETRental section2024-12-11621_010000000000000_FAI_1970 ৬/ক-৭2024-12-11 1985-06-11
Central Library, BUET63142  621.01 FAI/1970 Rental ItemCentral Library, BUETRental section2024-12-11621_010000000000000_FAI_1970 ৬/ক-৮2024-12-11 1985-06-11
Central Library, BUET63143  621.01 FAI/1970 Rental ItemCentral Library, BUETRental section2024-12-11621_010000000000000_FAI_1970 ৬/ক-৯2024-12-11 1985-06-11
Central Library, BUET63144  621.01 FAI/1970 Rental ItemCentral Library, BUETRental section2024-12-11621_010000000000000_FAI_1970 ৬/ক-১০2024-12-11 1985-06-11
Central Library, BUET63145  621.01 FAI/1970 Rental ItemCentral Library, BUETRental section2024-12-11621_010000000000000_FAI_1970 ৬/ক-১১2024-12-11 1985-06-11
Central Library, BUET63146  621.01 FAI/1970 Rental ItemCentral Library, BUETRental section2024-12-11621_010000000000000_FAI_1970 ৬/ক-১২2024-12-11 1985-06-11
Central Library, BUET63147  621.01 FAI/1970 Rental ItemCentral Library, BUETRental section2024-12-11621_010000000000000_FAI_1970 ৬/ক-১৩2024-12-11 1985-06-11
Central Library, BUET63148  621.01 FAI/1970 Rental ItemCentral Library, BUETRental section2024-12-11621_010000000000000_FAI_1970 ৬/ক-১৪2024-12-11 1985-06-11
Central Library, BUET63149  621.01 FAI/1970 Rental ItemCentral Library, BUETRental section2024-12-11621_010000000000000_FAI_1970 ৬/ক-১৫2024-12-11 1985-06-11
Central Library, BUET63150  621.01 FAI/1970 Rental ItemCentral Library, BUETRental section2024-12-11621_010000000000000_FAI_1970 ৬/ক-১৬2024-12-11 1985-06-11
Central Library, BUET63151  621.01 FAI/1970 Rental ItemCentral Library, BUETRental section2024-12-11621_010000000000000_FAI_1970 ৬/ক-১৭2024-12-11 1985-06-11
Central Library, BUET63152  621.01 FAI/1970 Rental ItemCentral Library, BUETRental section2024-12-11621_010000000000000_FAI_1970 ৬/ক-১৮2024-12-11 1985-06-11
Central Library, BUET63153  621.01 FAI/1970 Rental ItemCentral Library, BUETRental section2024-12-11621_010000000000000_FAI_1970 ৬/ক-১৯2024-12-11 1985-06-11
Central Library, BUET63154  621.01 FAI/1970 Rental ItemCentral Library, BUETRental section2024-12-11621_010000000000000_FAI_1970 ৬/ক-২০2024-12-11 1985-06-11